Nature of opposition to economic reforms in India (Record no. 67912)

000 -LEADER
fixed length control field 01334pab a2200169 454500
008 - FIXED-LENGTH DATA ELEMENTS--GENERAL INFORMATION
fixed length control field 180718b2005 xxu||||| |||| 00| 0 eng d
100 ## - MAIN ENTRY--PERSONAL NAME
Personal name Bardhan, Pranab
245 ## - TITLE STATEMENT
Title Nature of opposition to economic reforms in India
260 ## - PUBLICATION, DISTRIBUTION, ETC.
Date of publication, distribution, etc. 2005
300 ## - PHYSICAL DESCRIPTION
Extent p.4995-998.
362 ## - DATES OF PUBLICATION AND/OR SEQUENTIAL DESIGNATION
Dates of publication and/or sequential designation 26 Nov
520 ## - SUMMARY, ETC.
Summary, etc. Many economists and columnists in the financial press are unaware how unpopular economic reforms are with the public. The supporters of reform and their critics take extreme positions on issues that are sufficiently important for us to engage our respective intelligent opposition in serious conversation. The left claims that reforms are "anti-people", when in essence it is defending the interests of the small strata of the salaried. The supporters of reforms, on their part, offer less than reasoned arguments in support of privatisation and labour reform, and work themselves into a frenzy about wastage in anti-poverty programmes. Discussion on reform is preoccupied with issues of trade and fiscal policy and financial markets. Reform would have been more popular if it were equally concerned about the appalling governance structure in the delivery of basic social services for the poor. -Reproduced.
650 ## - SUBJECT ADDED ENTRY--TOPICAL TERM
Topical term or geographic name entry element Economic reform
650 ## - SUBJECT ADDED ENTRY--TOPICAL TERM
Topical term or geographic name entry element Economic reform
773 ## - HOST ITEM ENTRY
Main entry heading Economic and Political Weekly
909 ## -
-- 67912
Holdings
Withdrawn status Lost status Damaged status Not for loan Permanent Location Current Location Date acquired Serial Enumeration / chronology Barcode Date last seen Price effective from Koha item type
        Indian Institute of Public Administration Indian Institute of Public Administration 2018-07-19 Volume no: 40, Issue no: 48 AR68368 2018-07-19 2018-07-19 Articles

Powered by Koha